书目信息 |
| 题名: |
跨过灭绝边缘的麋鹿
|
|
| 作者: | ;北京麋鹿生态实验中心 编 | |
| 分册: | ||
| 出版信息: | 北京 化学工业出版社 2005.9 |
|
| 页数: | 194页 | |
| 开本: | 21cm | |
| 丛书名: | ||
| 单 册: | ||
| 中图分类: | Q959.842 | |
| 科图分类: | ||
| 主题词: | 鹿科--lu ke--研究--中国 | |
| 电子资源: | ||
| ISBN: | 7-5025-7543-X | |
| 000 | 00819nam0 2200229 450 | |
| 001 | CAL 012006006032 | |
| 005 | 20061030095427.46 | |
| 010 | @a7-5025-7543-X@dCNY15.00 | |
| 099 | @aCAL 012006006032 | |
| 100 | @a20060918d2005 emky0chiy0120 ea | |
| 101 | 0 | @achi |
| 102 | @aCN@b110000 | |
| 105 | @aa z 000yy | |
| 200 | 1 | @a跨过灭绝边缘的麋鹿@Akua guo mie jue bian yuan de mi lu@f北京麋鹿生态实验中心编 |
| 210 | @a北京@c化学工业出版社@d2005.9 | |
| 215 | @a194页@c照片@d21cm | |
| 330 | @a本书内容包括: 麋鹿的前世今生, 麋鹿的生性秘闻, 麋鹿文化, 麋鹿杂记; 并通过本书对麋鹿的详细描写, 倡议大家一同保护珍惜动物。 | |
| 606 | 0 | @a鹿科@Alu ke@x研究@y中国 |
| 690 | @aQ959.842@v4 | |
| 711 | 02 | @a北京麋鹿生态实验中心@Abei jing mi lu sheng tai shi yan zhong xin@4编 |
| 801 | 0 | @aCN@c20061030 |
| 905 | @a10447@dQ959.842@eB450 | |
| 跨过灭绝边缘的麋鹿/北京麋鹿生态实验中心编.-北京:化学工业出版社,2005.9 |
| 194页:照片;21cm |
| ISBN 7-5025-7543-X:CNY15.00 |
| 本书内容包括: 麋鹿的前世今生, 麋鹿的生性秘闻, 麋鹿文化, 麋鹿杂记; 并通过本书对麋鹿的详细描写, 倡议大家一同保护珍惜动物。 |
| ● |
| 相关链接 |
|
|
|
正题名:跨过灭绝边缘的麋鹿
索取号:Q959.842/B450
 
预约/预借
| 序号 | 登录号 | 条形码 | 馆藏地/架位号 | 状态 | 备注 |
| 1 | 634423 | 206344231 | 自科库401/401自科库 37排4列5层/ [索取号:Q959.842/B450] | 在馆 | |
| 2 | 634424 | 206344240 | 期刊室512/401自科库 37排4列5层/ [索取号:Q959.842/B450] | 在馆 | |
| 3 | 634425 | 206344259 | 期刊室512/401自科库 37排4列5层/ [索取号:Q959.842/B450] | 在馆 |